00857 2200277 4500001002100000005001500021035002000036007000300056008004500059020002200104082001100126084002000137100002700157245006700184300006000251440001700311650003000328700003200358520004700390264003600437336002100473337003000494338002300524990001600547990001600563INLIS00000000116489020241002034152 a0010-1024000035ta241002 b 0 Ind-eng  a978-979-26-9379-9 a2X1.22 aSR 2X1.22 BEN s0 aBenny Rhamdanepenulis1 aStory of bulbul /cBenny Rhamdan ; penerjemah, Adinda Presanti a6 halaman tidak bernomor :bIlustrasi berwarna ;c13 cm aWow, amazing 4aAl Quran -- Cerita-cerita0 aAdinda Presantiepenerjemah aBerisi cerita burung bulbul dalam Al Quran aBandung :bPelangi Mizan,c2022 2rdacontentateks 2rdamediaatanpa perantara 2rdacarrieravolume a55114.67934 a55115.67935